00606 2200217 4500001002100000005001700021008004100038020002200079035002500101082001900126090001900145100001800164245003400182250001100216260003400227300004400261650002900305990001800334990001800352990001800370INLIS00000000000150820150203115423.0  a978-979-26-1894-5 a0010-011500000000148 aT 613.71 Sum S aT 613.71 Sum S aSUMARYATI, E. aSenam kecantikan anti penuaan aCet.1. aYogyakartabCitra Mediac2012 avii, 84 hlm.b: ilus. ;c24 cm [3 eks.] aKesehatan dan kecantikan a10004-PD/B.14 a10005-PD/B.14 a10006-PD/B.14